000 00626nam a22001817a 4500
003 0
005 20240123102151.0
008 240123b xxu||||| |||| 00| 0 eng d
020 _a978-1-350-93363-7
050 _aPE 1112
_b.J35 2022
100 _aJakeman, Vanessa
245 _aImprove your grammar : the essential guide to accurate writing
_cVanessa Jakeman
260 _aLondon ; New York
_bBloomsbury Academic
_cc2022.
300 _axiii, 152 pages ;
_c26 cm.
504 _aIncludes bibliographical references, index, and glossary.
650 _aEnglish language--Grammar--Handbooks, manuals, etc.
942 _2lcc
_cBK
999 _c365880
_d365880